Statistics for Words with a double M

Click here to take the quiz!

General Stats

  • This quiz has been taken 53 times
  • The average score is 9 of 14

Answer Stats

Letters longAnswer% Correct
2Mm
90%
3Hmm, Mmm, Umm
88%
6Bummer, Commit, Dammed, Hummed, etc.
84%
5Comma, Dummy, Gamma, Lemma, etc.
84%
4Ammo, Comm, Immy, Mumm, Umma
82%
7Ammonia, Brimmed, Dilemma, etc.
78%
8Aglimmer, Commands, Shimmery, etc.
73%
9Communism, Flummoxed, Immediacy, etc.
63%
10Immaculate, Midsummers, Stammering, etc.
63%
11Summersault, Telecommute, etc.
53%
12Nonflammable, Immunologist, etc.
49%
13Preprogrammed, Commandeering, etc.
45%
14Asymmetrically, Commiserations, etc.
39%
15Commodification, Recommendations, etc.
14%

Score Distribution

Percentile by Number Answered

Percent of People with Each Score

Your Score History

You have not taken this quiz